000 00530nam a2200145Ia 4500
041 _aArabic
082 _a346 cut-495 ت
100 _a20260118u\\\\\\\\\\\y0engy0103\\\\ba
100 _aد.محمد جلال حسن الاتروشی
245 0 _aالوجيز في الجنسية دراسة في ضوء احكام قانون الجنسية العراقي النافذ رقم ٢٦ لسنة ٢٠٠٦
250 _aط1
260 _bمطبعة يادگار
_aسليمانية - العراق
_c2015
300 _a196
942 _cBk
999 _c188707
_d188707